| 000 | 00378pab a2200145 454500 | ||
|---|---|---|---|
| 008 | 180718b2014 xxu||||| |||| 00| 0 eng d | ||
| 100 | _aAlam, Shah | ||
| 245 | _aInfluence of emotional intelligence on adjustment of police personnel | ||
| 260 | _c2014 | ||
| 300 | _ap.210-226. | ||
| 362 | _aJan-Mar | ||
| 650 | _aPolice | ||
| 773 | _aIndian Police Journal | ||
| 909 | _a107304 | ||
| 999 |
_c107299 _d107299 |
||